Statistics for Eredivisie Clubs

Click here to take the quiz!

General Stats

  • This quiz has been taken 715 times
  • The average score is 11 of 18

Answer Stats

Club Name% Correct
AFC Ajax
99%
PSV Eindhoven
95%
Feyenoord Rotterdam
92%
AZ Alkmaar
79%
FC Twente
77%
FC Utrecht
65%
NAC Breda
64%
Vitesse Arnheim
63%
NEC Nijmegen
62%
SC Heerenveen
61%
ADO Den Haag
54%
Willem II
54%
PEC Zwolle
51%
VVV Venlo
46%
SC Heracles Almelo
43%
FC Groningen
39%
RKC Waalwijk
33%
Roda JC Kerkrade
12%

Score Distribution

Percentile by Number Answered

Percent of People with Each Score

Your Score History

You have not taken this quiz